Most Populated Subdivisons - Statistics

General Stats
  • This quiz has been taken 34 times
  • The average score is 13 of 20
Answer Stats
Country Population Subdivison % Correct
Pakistan 127.689 Punjab
90%
India 235.687 Uttar Pradesh
87%
China 126.013 Guangdong
84%
India 99.084 West Bengal
77%
India 76.860 Tamil Nadu
74%
India 126.385 Maharashtra
71%
India 81.025 Rajasthan
71%
China 83.675 Sichuan
71%
India 126.756 Bihar
68%
India 71.507 Gujarat
68%
China 66.445 Hunan
68%
India 86.579 Madhya Pradesh
68%
China 99.366 Henan
65%
China 57.752 Hubei
65%
China 101.527 Shandong
61%
China 74.610 Hebei
58%
China 64.568 Zhejiang
55%
China 84.748 Jiangsu
52%
India 67.692 Karnataka
52%
China 61.027 Anhui
45%
No matching quizzes found
Score Distribution
Percent of People with Each Score
Percentile by Number Answered
Your Score History
You have not taken this quiz